Agents launch non-profit site (Record no. 68807)

MARC details
000 -LEADER
fixed length control field 00919cam a2200217 4500
001 - CONTROL NUMBER
control field WB3742-18
008 - FIXED-LENGTH DATA ELEMENTS--GENERAL INFORMATION
fixed length control field 011107n2001 000 0 eng u
035 ## - SYSTEM CONTROL NUMBER
System control number (Sirsi) u115522
245 ## - TITLE STATEMENT
Title Agents launch non-profit site
260 ## - PUBLICATION, DISTRIBUTION, ETC.
Date of publication, distribution, etc. 2001
490 ## - SERIES STATEMENT
Series statement Negotiator
Volume/sequential designation 16(22) 2 November 2001, 5(1)
520 ## - SUMMARY, ETC.
Summary, etc. A group of estate agencies has got together and designed a non-profit making website. Pureproperty.com simply lists properties for sale or rent from participating agents. It does not carry third party advertising or financial services. Designed to offer an alternative to the property portals, the site is not being run for profit and is open to any UK estate agent to join.
590 ## - LOCAL NOTE (RLIN)
Local note WB
650 ## - SUBJECT ADDED ENTRY--TOPICAL TERM
Topical term or geographic name entry element PUREPROPERTY.COM
650 ## - SUBJECT ADDED ENTRY--TOPICAL TERM
Topical term or geographic name entry element PROPERTY SALES
650 ## - SUBJECT ADDED ENTRY--TOPICAL TERM
Topical term or geographic name entry element WEBSITE
650 ## - SUBJECT ADDED ENTRY--TOPICAL TERM
Topical term or geographic name entry element ESTATE AGENCIES
650 ## - SUBJECT ADDED ENTRY--TOPICAL TERM
Topical term or geographic name entry element PROPERTY LISTINGS
690 ## - LOCAL SUBJECT ADDED ENTRY--TOPICAL TERM (OCLC, RLIN)
Topical term or geographic name as entry element INFORMATION TECHNOLOGY-INTERNET
942 ## - ADDED ENTRY ELEMENTS (KOHA)
Suppress in OPAC 0
Holdings
Withdrawn status Lost status Source of classification or shelving scheme Damaged status Not for loan Home library Current library Shelving location Date acquired Total Checkouts Full call number Barcode Date last seen Copy number Price effective from Koha item type
    Dewey Decimal Classification     London London News article 07/11/2001   WB3742-18 115522-1001 06/08/2019 1 06/08/2019 News article